000 nam a22 7a 4500
999 _c8922
_d8922
008 180120b ||||| |||| 00| 0 eng d
100 _95236
_aGRAINGER.J
245 _aREADING FOUNDATIONS
260 _aAUSTRALIA
_bACER
_c2016